טוען...

Rithusambhar Sanskrita padya Hindi-Angrezi anuvad by Rangeya Raghav /

מידע ביבליוגרפי
מחבר ראשי: Kalidasa
שפה:Undetermined
יצא לאור: 1973.
סדרה:Sanskrit text with Hindi and English verson
LEADER 00484nam a2200133Ia 4500
001 52812
008 170722s9999 xx 000 0 und d
100 |a Kalidasa 
245 |a Rithusambhar  |b Sanskrita padya Hindi-Angrezi anuvad by Rangeya Raghav / 
260 |c 1973. 
490 |a Sanskrit text with Hindi and English verson 
942 |c GEN 
999 |c 85207  |d 85207 
952 |0 0  |1 0  |4 0  |6 O_151D40R_152L3  |7 0  |9 119392  |a LIB  |b LIB  |d 2017-08-12  |l 1  |o O15,1D40,R 152L3  |p 149599  |r 2018-02-05  |s 2017-12-03  |w 2017-08-12  |y GEN